Multimedia computing : case studies from MIT Project Athena (Record no. 6963)
[ view plain ]
| 000 -LEADER | |
|---|---|
| fixed length control field | 00327nam a2200121Ia 4500 |
| 020 ## - INTERNATIONAL STANDARD BOOK NUMBER | |
| ISBN | 9780201520293 |
| 082 ## - DEWEY DECIMAL CLASSIFICATION NUMBER | |
| Classification number | 006.6 |
| Item number | 5103 |
| 100 ## - MAIN ENTRY--AUTHOR NAME | |
| Personal name | Matthew E. Hodges |
| 245 #0 - TITLE STATEMENT | |
| Title | Multimedia computing : case studies from MIT Project Athena |
| 260 ## - PUBLICATION, DISTRIBUTION, ETC. (IMPRINT) | |
| Place of publication | New York |
| Name of publisher | Addison Wesley Publishing Company |
| Year of publication | 1990 |
| 300 ## - PHYSICAL DESCRIPTION | |
| Number of Pages | 302 |
| 942 ## - ADDED ENTRY ELEMENTS (KOHA) | |
| Koha item type | Computer Science |
| Withdrawn status | Lost status | Permanent Location | Current Location | Shelving location | Date acquired | Full call number | Accession Number | Koha item type |
|---|---|---|---|---|---|---|---|---|
| | | MAJU | MAJU | Shelf No.A25 | 2019-09-11 | 006.6 | 504 | Computer Science |